000
00296nam a22001337a 4500
008
181204b xxu||||| |||| 00| 0 eng d
020
_a
9780023530203
041
_a
eng
080
_2
3 th
_a
070
100
_a
28
101
_a
med
245
_a
Instructional Media
_c
Molenda.H
942
_2
udc
_c
BK
999
_c
52822
_d
52822